[Event "Lipetsk op 11th"]
[Site "Lipetsk"]
[Date "2007.08.10"]
[Round "6"]
[White "Shevelev, Vitaly"]
[Black "Udodov, Andrey"]
[Result "1/2-1/2"]
[WhiteElo "1808"]
[BlackElo "2024"]
[PlyCount "138"]
[EventDate "2007.08.05"]
[EventType "swiss"]
[EventRounds "9"]
[EventCountry "RUS"]
[SourceTitle "EXT 2022"]
[Source "ChessBase"]
[SourceDate "2021.10.06"]
[SourceVersion "1"]
[SourceVersionDate "2021.10.06"]
[SourceQuality "1"]

1. Nf3 Nf6 2. c4 c6 3. g3 d5 4. d4 dxc4 5. Bg2 b5 6. Ne5 Bb7 7. a4 a6 8. axb5 axb5 9. Rxa8 Bxa8 10. Na3 e6 11. 0-0 Bxa3 12. bxa3 0-0 13. a4 Qa5 14. Qc2 Nd5 15. Bd2 Qb6 16. e4 Nf6 17. Bb4 Re8 18. Bc5 Qa6 19. Rb1 Nbd7 20. Nxd7 Nxd7 21. e5 Nxc5 22. dxc5 Qa7 23. axb5 Qxc5 24. b6 Rb8 25. Qb2 c3 26. Qb3 c2 27. Rc1 Rxb6 28. Qxc2 Qxe5 29. Qa4 Rb8 30. Bxc6 Qc7 31. Rc4 Bxc6 32. Qxc6 Qxc6 33. Rxc6 g5 34. Rc5 h6 35. g4 Kg7 36. Kg2 Rb4 37. h3 Rb3 38. f3 Ra3 39. Rb5 Ra4 40. Rc5 Rf4 41. Kg3 Kg6 42. h4 Ra4 43. h5+ Kf6 44. Rc8 Ra3 45. Rh8 Ra2 46. Rb8 Rd2 47. Rb5 Rd5 48. Rb7 Rd3 49. Rb6 Ke5 50. Rb7 f5 51. Rh7 f4+ 52. Kf2 Kd4 53. Rxh6 Ke5 54. Rg6 Rd2+ 55. Ke1 Ra2 56. Rxg5+ Kf6 57. Rb5 e5 58. h6 Rh2 59. Rb6+ Kg5 60. Re6 Ra2 61. h7 Rh2 62. Rxe5+ Kg6 63. Rh5 Rxh5 64. gxh5+ Kxh7 65. Kd2 Kh6 66. Kd3 Kxh5 67. Ke4 Kg5 68. Ke5 Kg6 69. Kxf4 Kf6 1/2-1/2